Films par Année de Sortie - Statistiques

Statistiques générales
  • Ce quiz a été pris 225 fois
  • Le résultat moyen est 9 sur 15
Statistiques - réponses
Hint Réponse % Correct
Les Temps modernes 1936
81%
La La Land 2016
72%
Titanic 1997
69%
Le Parrain 1972
67%
Le Seigneur des anneaux : La Communauté de l'anneau 2001
65%
E.T. l'extra-terrestre 1982
64%
Inception 2010
64%
Forrest Gump 1994
63%
Interstellar 2014
63%
Avatar 2009
61%
Fight Club 1999
59%
The Dark Knight 2008
59%
Gladiator 2000
51%
Le Silence des agneaux 1991
45%
Les Affranchis 1990
40%
Aucun quiz correspondant
Distribution des résultats
% des personnes avec chaque résultat
Percentile par nombre de réponses
Votre historique - résultats
Vous n’avez pas pris ce quiz